| 000 | 01789cam a22004335a 4500 | ||
|---|---|---|---|
| 003 | EG-ScBUE | ||
| 005 | 20220621112716.0 | ||
| 006 | m||||fq||h 00| 0 | ||
| 008 | 120916s2011 nyua f f000 0 eng d | ||
| 020 | _a0194756165 | ||
| 020 | _a9780194756167 | ||
| 020 | _a9780194756686 (CD) | ||
| 020 | _a9780194756433 | ||
| 040 |
_aEG-ScBUE _beng _erda _cEG-ScBUE _dEG-ScBUE |
||
| 082 | 0 | 4 |
_a428.24 _bSHE _222 |
| 100 | 1 |
_aSherman, Kristin, _eauthor. _930908 |
|
| 245 | 1 | 0 |
_aQ : _bskills for success. _n2, _pListening and speaking, _pTeacher's handbook / _cKristin D. Sherman. |
| 246 | 3 | 0 | _aListening and speaking |
| 246 | 3 | 0 | _aTeacher's handbook |
| 264 | 1 |
_aNew York ; _aOxford : _bOxford University Press, _c2011. |
|
| 300 |
_axix, 110 pages : _billustrations ; _c28 cm + _e1 CD |
||
| 336 |
_2rdacontent _atext _btxt |
||
| 336 |
_2rdacontent _asounds _bsnd |
||
| 337 |
_2rdamedia _aunmediated _bn |
||
| 337 |
_2rdamedia _aaudio _bs |
||
| 338 |
_2rdacarrier _avolume _bnc |
||
| 338 |
_2rdacarrier _acomputer disc _bcd |
||
| 500 | _aOn cover : Q online practice teacher access code card and Q testing program CD-Rom. | ||
| 520 | _aThe paired-skills EAP course that connects critical thinking, language skills, and student learning outcomes. | ||
| 650 | 7 |
_aEnglish language _vTextbooks for foreign speakers _2BUEsh |
|
| 650 | 7 |
_aEnglish language _xStudy and teaching _xForeign speakers. _2BUEsh |
|
| 650 | 7 |
_aEnglish language _xSpoken English _vProblems, exercises, etc. _2BUEsh |
|
| 650 | 7 |
_aListening _vProblems, exercises, etc. _2BUEsh |
|
| 650 | 7 |
_aVocabulary _vProblems, exercises, etc. _2BUEsh |
|
| 653 |
_bHHUUEENN _cAugust2015 _cOctober2018 |
||
| 655 |
_vReading book _934232 |
||
| 856 | 4 | 0 |
_3Teacher's access code card for online practice _uwww.Qonlinepractice.com |
| 942 |
_2ddc _cBB |
||
| 999 |
_c17002 _d16974 |
||